Music Quiz

Random Music or Clickable Quiz
Score 0/50 Timer 09:00
23 Plays Today
% Correct
Miley Cyrus
90.6%
Adele
90.5%
Katy Perry
90%
Meghan Trainor
87.4%
Lady Gaga
87.2%
Taylor Swift
85.8%
Lorde
85.7%
Bruno Mars
84.5%
LMFAO
84.1%
Ed Sheeran
83.5%
Nicki Minaj
83%
Sia
82.1%
Justin Timberlake
81.8%
Macklemore & Ryan Lewis
80.6%
P!nk
78.7%
Drake
77.4%
Train
77%
Justin Bieber
76.8%
Ellie Goulding
75.2%
Kelly Clarkson
75.2%
fun.
74.7%
Maroon 5
74%
One Direction
73.2%
Rihanna
73%
Sam Smith
71.9%
% Correct
Beyoncé
71.8%
Shawn Mendes
71%
OneRepublic
70.3%
Wiz Khalifa
69.2%
twenty one pilots
68.6%
Flo Rida
67.1%
Jason DeRulo
66.4%
Fall Out Boy
65.8%
Eminem
64.6%
The Chainsmokers
64.5%
The Weeknd
64.4%
Ariana Grande
64.2%
Demi Lovato
64%
Kesha
62.8%
The Script
60.8%
Usher
60.3%
Selena Gomez
60.1%
Nick Jonas
56.5%
Paramore
55.1%
Pitbull
54.7%
Britney Spears
51.5%
Calvin Harris
47.8%
Chris Brown
44.4%
Zedd
43.2%
David Guetta
42.7%
Remove Ads.
Support Sporcle.
Get the best of Sporcle when you Go Orange. This ad-free experience offers more features, more stats, and more fun while also helping to support Sporcle. Thank you for becoming a member.

You're not logged in!

Compare scores with friends on all Sporcle quizzes.
OR
Log In

Show Comments

Extras

Top Quizzes Today


Score Distribution

Your Account Isn't Verified!

In order to create a playlist on Sporcle, you need to verify the email address you used during registration. Go to your Sporcle Settings to finish the process.

Report this User

Report this user for behavior that violates our Community Guidelines.

Details: